Kurzarbeit - podpora v čase skrátenej práce

Definovanie kurzarbeitu a kurzarbeitergeld ako vzor pre zavedenie nového zákona. Poskytovanie finančnej pomoci a nová právne nárokovaná podpora. Podmienky stanovené na zamestnávateľa. Definícia základných pojmov na účely podpory v čase skrátenej práce. Podmienky poskytnutia podpory, žiadosť o poskyt...

Descrizione completa

Salvato in:
Dettagli Bibliografici
Autore principale: Trizuliak, Tibor
Natura: Capitolo di libro
Lingua:slovacco
Soggetti:
Tags: Aggiungi Tag
Nessun Tag, puoi essere il primo ad aggiungerne!!

MARC

LEADER 00000naa a2200000 4500
001 0278283
005 20210906085215.6
041 0 |a slo 
044 |a SK 
245 1 0 |a Kurzarbeit - podpora v čase skrátenej práce  |c Tibor Trizuliak 
520 |a Definovanie kurzarbeitu a kurzarbeitergeld ako vzor pre zavedenie nového zákona. Poskytovanie finančnej pomoci a nová právne nárokovaná podpora. Podmienky stanovené na zamestnávateľa. Definícia základných pojmov na účely podpory v čase skrátenej práce. Podmienky poskytnutia podpory, žiadosť o poskytnutie podpory, suma podpory, vrátenie podpory a poskytovateľ podpory. 
610 2 0 |a práca 
610 2 0 |a legislatíva 
610 2 0 |a koronavírus 
610 2 0 |a podpory 
610 2 0 |a zamestnávatelia 
610 2 0 |a vzťahy pracovné 
610 2 0 |a zamestnanci 
610 2 0 |a poisťovne sociálne 
610 2 0 |a základ vymeriavací 
100 1 |a Trizuliak, Tibor